000 00904 a2200241 4500
005 20140903174924.0
008 130912s2011 sa o gr|||| 001 0 eng d
020 _a9781869193515
040 _aCO-BoUCM
_bspa
_cJose A. Gerena
_dAldemar Mondragón
041 0 0 _aeng
100 1 _aWaals, W.A. van der
_945039
245 0 0 _aPortugal's war in Angola 1961-1974
_cW. S. van der Waals
250 _a2nd ed
260 _c2011
_bProtea Book House
_aPretoria (Gauteng, Sudáfrica)
300 _axix, 320 páginas
_bfotografías
504 _aIncluye referencias bibliográficas e índices
651 4 _aAngola
_xHistoria
_yRevolución, 1961-1975
_944290
651 4 _aAngola
_xRelaciones exteriores
_zPortugal
_945060
651 4 _aPortugal
_xRelaciones exteriores
_zAngola
_945061
690 _aHistoria de África
942 _a21
_cLIBRO
_e2
_mV217p
_2DEWEY
_h967.303
999 _c180570
_d180570